Les Pays avec les plus grandes tailles de Pénis - Statistiques

Statistiques générales
  • Ce quiz a été pris 5 957 fois
  • Le résultat moyen est 3 sur 16
Statistiques - réponses
Taille Pays % Correct
15,74 France
91%
15,89 Senegal
58%
16,67 Cameroun
40%
15,71 Canada
27%
15,69 Egypte
17%
17,61 Equateur
16%
16,47 Soudan
16%
15,73 Angola
14%
15,87 Pays-Bas
14%
15,68 Zimbabwe
9%
15,78 Zambie
8%
15,88 Gambie
7%
16,51 Bolivie
5%
15,87 Cuba
5%
16,01 Haïti
4%
15,61 Géorgie
1%
Aucun quiz correspondant
Distribution des résultats
% des personnes avec chaque résultat
Percentile par nombre de réponses
Votre historique - résultats
Vous n’avez pas pris ce quiz